Historical cutural heritage / (Record no. 9440)

MARC details
000 -LEADER
fixed length control field 01042nam a22001937a 4500
001 - CONTROL NUMBER
control field 9440
003 - CONTROL NUMBER IDENTIFIER
control field FISKH
005 - DATE AND TIME OF LATEST TRANSACTION
control field 20260108112255.0
008 - FIXED-LENGTH DATA ELEMENTS--GENERAL INFORMATION
fixed length control field 260108b cb ||||| |||| 00| 0 eng d
040 ## - CATALOGING SOURCE
Original cataloging agency FISKH
Language of cataloging eng
Transcribing agency FISKH
Modifying agency FISKH
082 ## - DEWEY DECIMAL CLASSIFICATION NUMBER
Classification number 956.05
100 ## - MAIN ENTRY--PERSONAL NAME
Personal name Anonymous
245 ## - TITLE STATEMENT
Title Historical cutural heritage /
Statement of responsibility, etc. By Anonymous
260 ## - PUBLICATION, DISTRIBUTION, ETC.
Place of publication, distribution, etc. Phnom Penh :
300 ## - PHYSICAL DESCRIPTION
Extent 61 pages :
Other physical details color illustrations , maps ;
Dimensions 21 cm .
520 ## - SUMMARY, ETC.
Summary, etc. This book explores the rich history and cultural heritage of a region, country, or community. It highlights significant historical events, monuments, traditions, arts, and social customs that have shaped the identity of its people. Through detailed descriptions, photographs, and illustrations, the book aims to preserve knowledge of cultural legacies while educating readers about the importance of heritage conservation. It is designed for students, researchers, tourists, and anyone interested in understanding the past and cultural richness of a place.
942 ## - ADDED ENTRY ELEMENTS (KOHA)
Source of classification or shelving scheme Dewey Decimal Classification
Koha item type Books
Suppress in OPAC No
Holdings
Withdrawn status Lost status Source of classification or shelving scheme Damaged status Not for loan Collection Home library Current library Shelving location Date acquired Total Checkouts Full call number Barcode Date last seen Price effective from Koha item type
    Dewey Decimal Classification     Reference Footprints International School Library Network Toul Tom Poung Campus Footprints International School Library Network Toul Tom Poung Campus Librarian's Shelf TTP 01/08/2026   ANO 956.05 2026-0014 01/08/2026 01/08/2026 Books